Last Shah of Iran's Exile Countries - Statistics

General Stats
  • This quiz has been taken 32 times
  • The average score is 5 of 6
Answer Stats
Hint Answer % Correct
Has Great Pyramids and Nile River Egypt
100%
Gained Independency in 1776 United States
100%
Affiliated with Tacos and Enchiladas Mexico
96%
Has Popular Cities such as Marrakech and Casablanca Morocco
93%
Has a Canal which links Atlantic and Pacific Oceans Panama
89%
Has Majestic Beaches and an Island Nation The Bahamas
57%
No matching quizzes found
Score Distribution
Percent of People with Each Score
Percentile by Number Answered
Your Score History
You have not taken this quiz